Quizz sur le Rugby N°2 - Statistiques

Statistiques générales
  • Ce quiz a été pris 162 fois
  • Le résultat moyen est 9 sur 15
Statistiques - réponses
Question Réponse % Correct
Quelle équipe nationale est connue sous le surnom des "Wallabies" ? Australie
100%
Quelle équipe nationale est surnommée les "All Blacks" ? Nouvelle-Zélande
100%
Quel joueur français a été élu "Meilleur joueur du monde" en 2021 ? Antoine Dupont
97%
Quel est le surnom de l'équipe de rugby d'Afrique du Sud ? Springboks
97%
Quel est le nom du trophée remis à l’équipe victorieuse de la Coupe du Monde de Rugby ? Trophée Webb Ellis
83%
Quelle équipe a remporté la première Coupe du Monde de Rugby en 1987 ? Nouvelle-Zélande
69%
Quel joueur néo-zélandais détient le record du plus grand nombre de essais marqués en Coupe du Monde ? Jonah Lomu
68%
Quelle équipe nationale est connue sous le surnom des "Leones" ? Espagne
43%
Quel joueur de rugby a marqué le plus de points en Coupe du Monde de Rugby ? Jonny Wilkinson
43%
Quel joueur a été capitaine de l'équipe d'Irlande pendant de nombreuses années et est l'un des plus célèbres ? Brian O'Driscoll
40%
Quel terme est utilisé pour décrire une mêlée spontanée ? Ruck
29%
Quel joueur australien est connu pour avoir marqué un drop goal décisif en finale de la Coupe du Monde 1999 ? Stephen Larkham
29%
Quel joueur sud-africain a été capitaine lors de la victoire en Coupe du Monde 2007 ? John Smit
25%
Quel entraîneur de rugby a remporté le plus de titres en tant qu'entraîneur ? Sir Graham Henry
17%
Quel joueur de rugby a marqué le plus grand nombre d'essais dans un seul match de Coupe du Monde ? Marc Ellis
13%
Aucun quiz correspondant
Distribution des résultats
% des personnes avec chaque résultat
Percentile par nombre de réponses
Votre historique - résultats
Vous n’avez pas pris ce quiz